000 00606nam a22001577a 4500
005 20120601144545.0
020 _a8120313704
_c150.00
035 _aA-950999
037 _aDPL
_bENG
100 _aRedhead, Keith
_948315
245 _aFinancial derivatives :
_bAn introduction to futures, forwards, options and swaps /
_cby Keith Redhead
260 _aNew Delhi
_bPrentice-Hall of India
_c1998
300 _axiv, 377p.
_c22 cms.
942 _2ddc
_cEN
_h332.632
_mRED
999 _c67414
_d67414